000 00532nam a2200229Ia 4500
003 OSt
005 20221005120515.0
006 a|||||r|||| 00| 0
007 ta
008 221004b |||||||| |||| 00| 0 kan d
024 _a62389
037 _cTextual
040 _aCRL
_cCRL
_bkan
041 _2kan
_akan
082 _aNP, 33J6
100 _aDennis
_9629275
245 0 _aElementarry perspectiv
260 _c1956
650 _aARTS
942 _hNP, 33J6
_cTEXL
_2cc
999 _c1038299
_d1038299